Central Library OPAC University of Rajshahi

Hamlet / (Record no. 77496)

MARC details
000 -LEADER
fixed length control field 01188cam a2200373 a 4500
001 - CONTROL NUMBER
control field 77496
003 - CONTROL NUMBER IDENTIFIER
rucl marc code BD-RjUL
005 - DATE AND TIME OF LATEST TRANSACTION
control field 20211209082958.0
008 - FIXED-LENGTH DATA ELEMENTS--GENERAL INFORMATION
fixed length control field 201001r19891982enk 000 0 eng d
020 ## - INTERNATIONAL STANDARD BOOK NUMBER
International Standard Book Number 0415026830
035 ## - SYSTEM CONTROL NUMBER
System control number (BD-RjUL)
040 ## - CATALOGING SOURCE
Original cataloging agency BD-RjUL
Language of cataloging eng
Transcribing agency BD-RjUL
041 ## - LANGUAGE CODE
Language code of text/sound track or separate title eng
082 ## - DEWEY DECIMAL CLASSIFICATION NUMBER
Classification number 822.33
Author mark and year SHH 1989
092 ## - LOCALLY ASSIGNED DEWEY CALL NUMBER (OCLC)
Classification number D0502904725
100 1# - MAIN ENTRY--PERSONAL NAME
Personal name Shakespeare, William,
Dates associated with a name 1564-1616.
9 (RLIN) 241707
245 10 - TITLE STATEMENT
Title Hamlet /
Statement of responsibility, etc. edited by Harold Jenkins.
260 ## - PUBLICATION, DISTRIBUTION, ETC. (IMPRINT)
Place of publication, distribution, etc. London :
Name of publisher, distributor, etc. Routledge,
Date of publication, distribution, etc. 1982.
300 ## - PHYSICAL DESCRIPTION
Pagination xvii, 574 p. ;
Size 20 cm.
500 ## - GENERAL NOTE
General note Includes abbreviations and references
General note Includes introduction, notes and appendix
General note First published: Methuen, 1982
700 1# - ADDED ENTRY--PERSONAL NAME
Personal name Jenkins, Harold.
942 ## - ADDED ENTRY ELEMENTS (KOHA)
Source of classification or shelving scheme Dewey Decimal Classification
Koha item type Books
Holdings
Lost status Source of classification or shelving scheme Damaged status Not for loan Collection code Permanent Location Current Location Shelving location Date acquired Source of acquisition Cost, normal purchase price Total Checkouts Full call number Date last seen Copy number Koha item type
  Dewey Decimal Classification     Non-fiction Central Library, University of Rajshahi Central Library, University of Rajshahi   10/12/1996 Bichtra lib 877.00   822.33 SHH 1989 01/10/2020 C-3 Books